000 00284nam a2200109Ia 4500
005 20251222141850.0
008 251222s9999||||xx |||||||||||||| ||spa||
082 _a239.1/C76D
245 0 _aCatecismo de la doctrina cristiana
264 _bSecretariado Catequistico Nacional
942 _cLIB
999 _c7689
_d7689